000 01719cam a2200457 a 4500
001 21650
003 VRT
005 20260307110706.0
008 240226s1992 xo a gr 000 f slo
015 _aSNBA1992/09
020 _a8085506084
_q(zväzok 1. ;
_qbrožované)
020 _a8085506076
_q(súbor ;
_qbrožované)
035 _aSNK000011940
035 _aEB1BFD14-5E37-44BD-954C-CD334C2D8C02
035 _aurn:nbn:sk:snk-am00ieln
039 9 _a202402262003
_bVLOAD
_c202401240745
_dmsnk115
_c202311211857
_dVLOAD
_c202305011800
_dVLOAD
040 _aSNK
_bslo
_cSNK
_eAACR2
041 1 _aslo
_hhrv
044 _axo
_cSK
072 7 _a821.163
_xJužnoslovanské literatúry
_2konspekt
080 _a886.2-3
_21997
080 _a821.163.42-31
_22011
080 _a(0:82-311.6)
_22011
100 1 _aJurić-Zagorka, Marija,
_d1873-1957
_4aut
240 1 0 _aGordana
_lSlovensky
245 1 0 _aGordana na dvore kráľa Matyáša
_nI (1)
_cMarija Jurič Zagorka ; [z chorvátskeho originálu Gordana ... preložil Ján Jankovič ; ilustrácia Adam]
250 _a[1. vyd.]
260 _aBratislava
_bJuga
_c1992
_eKomárno
_fKomárňanské tlačiarne
300 _a60 strán
_bilustrácie
_c21 cm
655 7 _achorvátske romány
_2SNKPH
655 7 _ahistorické romány
_2SNKPH
700 0 _aAdam
_4ill
700 1 _aJankovič, Ján,
_d1943-2021
_4trl
910 _asnk
942 _2ddc
_cKLDO
_n0
949 _617A0306137
_asnkSC 82179/1/1 D1
_bsnkKSP 6253/92
949 _6270001000033045
_asvkbbA 82017
_bsvkbbm 573952
_s4700:20090728
949 _6270001000033046
_asvkbbA 82017
_bsvkbbm 573953
949 _617A0995293
_asnkSC 82179/1/1
_bsnkKSP 6252/92
_s6100:20221121
999 _c21650
_d21650